[Event "IND-ch U11 30th"]
[Site "India"]
[Date "2016.06.29"]
[Round "3"]
[White "Aditya, Mukherjee"]
[Black "Dhrupad, Kashyap"]
[Result "0-1"]
[WhiteElo "1171"]
[BlackElo "1608"]
[PlyCount "138"]
[EventDate "2016.06.28"]
[EventType "swiss"]
[EventRounds "11"]
[EventCountry "IND"]
[SourceTitle "CBM 173 Extra"]
[Source "ChessBase"]
[SourceDate "2016.08.29"]
[SourceVersion "1"]
[SourceVersionDate "2016.08.29"]
[SourceQuality "1"]

1. e4 c5 2. Nc3 Nc6 3. f4 g6 4. Bb5 Nd4 5. Nf3 Nxb5 6. Nxb5 a6 7. Nc3 Bg7 8. 0-0 e6 9. d3 Ne7 10. Qe1 d6 11. Qh4 0-0 12. Ng5 h6 13. Nf3 Nc6 14. Qh3 Nd4 15. Nxd4 cxd4 16. Ne2 Qc7 17. c3 dxc3 18. bxc3 Bd7 19. d4 Bb5 20. Rf2 Bxe2 21. Rxe2 Rac8 22. Bd2 Qc4 23. Rf2 e5 24. fxe5 dxe5 25. Bxh6 exd4 26. Bxg7 Kxg7 27. cxd4 Qxd4 28. Re1 Rc2 29. Qe3 Qxe3 30. Rxe3 Rc1+ 31. Rf1 Rfc8 32. Ref3 Rxf1+ 33. Rxf1 Rc4 34. Re1 Rc2 35. a3 Kf6 36. Rb1 b5 37. a4 bxa4 38. Rb6+ Ke5 39. Rxa6 Rc4 40. Ra7 f6 41. Re7+ Kf4 42. g3+ Kf3 43. h3 Kxg3 44. Kf1 Kxh3 45. Re6 a3 46. Ra6 a2 47. Rxa2 Rxe4 48. Rf2 f5 49. Rg2 Rf4+ 50. Kg1 Rg4 51. Kh1 Kh4 52. Ra2 Kg5 53. Rf2 Ra4 54. Kg2 f4 55. Rd2 Kg4 56. Kf2 g5 57. Kg2 Ra3 58. Kf2 Rh3 59. Kg1 f3 60. Rd4+ Kg3 61. Rd2 f2+ 62. Rxf2 Rh1+ 63. Kxh1 Kxf2 64. Kh2 g4 65. Kh1 Kg3 66. Kg1 Kf3 67. Kf1 g3 68. Kg1 g2 69. Kh2 Kf2 0-1